Der Deutsche peintre-graveur oder die deutschen Maler als Kupferstecher... (Record no. 2249)

MARC details
000 -CABECERA
campo de control de longitud fija 00584nam a2200193 a 4500
001 - NÚMERO DE CONTROL
campo de control BRCA_2508
005 - FECHA Y HORA DE LA ÚLTIMA TRANSACCIÓN
campo de control 20190320203837.0
008 - DATOS DE LONGITUD FIJA--INFORMACIÓN GENERAL
campo de control de longitud fija 271108s1828----gw-a---###---#000-0#ger-u
050 #4 - SIGNATURA TOPOGRÁFICA DE LA BIBLIOTECA DEL CONGRESO
Número de clasificación NE651
Número de documento/Ítem .A53 [186?]
100 1# - ENTRADA PRINCIPAL--NOMBRE DE PERSONA
Nombre de persona Andresen, Andreas
Fechas asociadas al nombre 1828-1871
9 (RLIN) 7215
245 10 - MENCIÓN DE TÍTULO
Título Der Deutsche peintre-graveur oder die deutschen Maler als Kupferstecher...
Mención de responsabilidad, etc. Andreas Andresen.
260 ## - PUBLICACIÓN, DISTRIBUCIÓN, ETC.
Lugar de publicación, distribución, etc. Leipzig, Alemania
Nombre del editor, distribuidor, etc. R. Weigel
Fecha de publicación, distribución, etc. [186?]
300 ## - DESCRIPCIÓN FÍSICA
Extensión 3 v.
Otras características físicas il.
Dimensiones 23 cm.
500 ## - NOTA GENERAL
Nota general A43
650 14 - PUNTO DE ACCESO ADICIONAL DE MATERIA--TÉRMINO DE MATERIA
Término de materia o nombre geográfico como elemento de entrada Grabadores alemanes
9 (RLIN) 7216
650 14 - PUNTO DE ACCESO ADICIONAL DE MATERIA--TÉRMINO DE MATERIA
Término de materia o nombre geográfico como elemento de entrada Pintores alemanes
9 (RLIN) 797
902 ## - CATALOGADOR
Iniciales GFM
942 ## - ELEMENTOS DE PUNTO DE ACCESO ADICIONAL (KOHA)
Fuente del sistema de clasificación o colocación Library of Congress Classification
Tipo de ítem Koha Libros
Holdings
Estado de retiro Estado de pérdida Estado dañado No para préstamo Localización permanente Ubicación/localización actual Fecha de adquisición Número de inventario Total de préstamos Signatura topográfica completa Código de barras Fecha visto por última vez Precio válido a partir de Tipo de ítem Koha
El ejemplar forma parte de la colección y puede ser consultado según las políticas vigentes.       Biblioteca del Museo Franz Mayer (Rogerio Casas-Alatriste) Biblioteca del Museo Franz Mayer (Rogerio Casas-Alatriste) 25/11/2008 A43   NE651 .A53 [186?] (A43) 2505 22/03/2019 22/03/2019 Libros